Statistiques concernant Ne me quitte pas - [Paroles entières]

Cliquez ici pour prendre le quiz!

Statistiques générales

  • Ce quiz a été pris 521 fois
  • Le résultat moyen est 194 sur 242

Statistiques - réponses

XParoles% Correct
| Refrain | StropheNe
100%
Qui
100%
me
100%
Ne
100%
ne
100%
pas
100%
quitte
100%
de
98%
98%
il
98%
98%
De
98%
Il
98%
Je
97%
je
97%
le
96%
Des
96%
Le
96%
à
95%
a
95%
te
95%
A
95%
la
94%
Tout
94%
94%
oublier
93%
ma
93%
et
93%
Et
93%
Oublier
93%
faut
91%
tu
90%
pleut
90%
temps
89%
pluie
89%
Pour
88%
pays
87%
peut
87%
s'oublier
87%
perles
86%
sera
84%
roi
84%
l'amour
83%
Venues
83%
ton
83%
un
82%
reine
82%
du
82%
malentendus
81%
déjà
81%
seras
80%
t'offrirai
80%
loi
79%
StropheMoi
79%
ce
79%
mort
78%
perdu
77%
StropheOn
76%
ferai
74%
lumière
74%
d'or
74%
corps
73%
pourquoi
73%
couvrir
72%
terre
72%
plus
71%
s'enfuit
71%
savoir
70%
ta
70%
vu
69%
est
69%
pu
68%
ces
68%
jusqu'après
68%
volcan
68%
feu
67%
coeur
66%
Qu'on
66%
trop
66%
souvent
65%
domaine
65%
comment
65%
croyait
64%
coups
64%
qu'un
63%
vieux
63%
Qu'un
63%
Rejaillir
63%
l'ombre
63%
L'ombre
63%
chien
63%
Que
63%
n'avoir
61%
parfois
61%
bonheur
60%
avril
60%
blé
60%
ancien
60%
quand
60%
meilleur
59%
ciel
59%
rencontrer
59%
D'un
59%
creuserai
58%
noir
58%
rouge
57%
terres
57%
parler
56%
regarder
56%
paraît-il
56%
brûlées
56%
main
56%
ombre
55%
heures
55%
Donnant
54%
l'histoire
54%
soir
53%
vient
53%
raconterai
52%
mots
51%
flamboie
50%
ont
50%
t'inventerai
50%
parlerai
49%
tuaient
48%
s'épousent-ils
48%
leurs
46%
fois
45%
rire
45%
comprendras
44%
vais
43%
insensés
43%
devenir
42%
amants-là
41%
coeurs
41%
deux
40%
chanter
40%
Laisse-moi
40%
s'embraser
39%
pleurer
38%
puis
38%
sourire
37%
danser
37%
t'écouter
36%
cacherai
34%

Distribution des résultats

Percentile par nombre de réponses

% des personnes avec chaque résultat

Votre développement - résultats

Vous n’avez pas pris ce quiz